000
00262nam a22001217a 4500
008
181218b xxu||||| |||| 00| 0 eng d
041
_a
eng
080
_a
621
100
_a
25
101
_a
ENG
245
_a
Engineers Hvac Handbook
_c
Glenn.K
942
_2
udc
_c
BK
999
_c
53448
_d
53448